logo

Bir Sreshtho Munshi Abdur Rouf Library
Jhenaidah Cadet College

মুসলিম স্থাপত্য / (Record no. 6307)

MARC details
000 -LEADER
fixed length control field 00666nam a2200217 a 4500
001 - CONTROL NUMBER
JCCL Control Number 6307
003 - CONTROL NUMBER IDENTIFIER
JCCL marc code BD-JhCC
005 - DATE AND TIME OF LATEST TRANSACTION
control field 20180121100518.0
008 - FIXED-LENGTH DATA ELEMENTS--GENERAL INFORMATION
fixed length control field 180121s1981 bg |||| ||a| 000 0 ben d
035 ## - SYSTEM CONTROL NUMBER
system control number (BD-JhCC)6307
040 ## - CATALOGING SOURCE
Original cataloging agency BD-JhCC
Modifying agency BD-JhCC
041 ## - LANGUAGE CODE
Language code of Book ben
082 ## - DEWEY DECIMAL CLASSIFICATION NUMBER
Classification number 297.65
Author mark and Year ALI 1981
100 ## - MAIN ENTRY--PERSONAL NAME
Personal name আলী, এ, কে, এম ইয়াকুব
245 ## - TITLE STATEMENT
Title মুসলিম স্থাপত্য /
Statement of responsibility, etc এ, কে, এম ইয়াকুব আলী
260 ## - PUBLICATION, DISTRIBUTION, ETC. (IMPRINT)
Place of publication, distribution, etc ঢাকা :
Name of publisher, distributor, etc ইসলামিক ফাউন্ডেশন,
Date of publication, distribution, etc 1981.
300 ## - PHYSICAL DESCRIPTION
Pagination 190 p. :
Dimensions 22 cm.
650 ## - SUBJECT ADDED ENTRY--TOPICAL TERM
Topical term or geographic name as entry element Mosque
942 ## - ADDED ENTRY ELEMENTS (KOHA)
Source of classification or shelving scheme Dewey Decimal Classification
Koha item type Books
Holdings
Source of classification or shelving scheme Damaged status Not for loan Home library Current library Shelving location Date of accession Cost, normal purchase price Total Checkouts Full call number Barcode Date last seen Copy number Koha item type
Dewey Decimal Classification     JCC Rouf Library JCC Rouf Library General Stacks 01/21/2018 20.00   297.65 ALI 1981 633 01/21/2018 C-1 Books

JCC Library | Contacts | JCC Home

Last Update on 23 September 2017
Copyright @ 2017-2020 JCC Rouf Library
Rouf Library, Jhenidah Cadet College (JCC), Bangladesh